| 000 | 00846nam a2200301 a 4500 | ||
|---|---|---|---|
| 003 | AR-BaBNM | ||
| 005 | 20251128203832.0 | ||
| 008 | 082120s2002 ||||||||||||||000 | spa|| | ||
| 020 | _a9095-58-3 | ||
| 040 | _cAR-BaBNM | ||
| 100 | 1 | _aScimo, Marisa Lucía | |
| 245 | 0 | 0 | _aDiagnóstico y atención escolar de los zurdos |
| 260 |
_aBuenos Aires _bBraga _c1987 |
||
| 300 |
_a132 p. _bil., tablas |
||
| 490 | 0 |
_aDidáctica operativa _vv. 3 |
|
| 504 | _aBibliografía en p. 129-132 | ||
| 650 | 4 | _aDIAGNOSTICO EDUCACIONAL | |
| 650 | 4 | _aZURDERA | |
| 650 | 4 | _aEDUCACION ESPECIAL | |
| 650 | 4 | _aDIFERENCIAS INDIVIDUALES | |
| 650 | 4 | _aPRUEBAS ESCOLARES | |
| 650 | 4 | _aSOCIALIZACION | |
| 650 | 4 | _aDESARROLLO MENTAL | |
| 650 | 4 | _aCARACTERISTICAS INDIVIDUALES | |
| 800 | 1 |
_aPérez Alvarez, Sergio _edirector |
|
| 942 | _cBK | ||
| 998 | _ccARMEN | ||
| 999 |
_c5107 _d5107 |
||